书目信息 |
| 题名: |
官商关系
|
|
| 作者: | 姜朋 著 | |
| 分册: | ||
| 出版信息: | 北京 法律出版社 2016.03 |
|
| 页数: | 507页 | |
| 开本: | 21cm | |
| 丛书名: | ||
| 单 册: | ||
| 中图分类: | D923.990.4 | |
| 科图分类: | ||
| 主题词: | 商法--研究--中国 | |
| 电子资源: | ||
| ISBN: | 978-7-5118-7986-8 | |
| 000 | 00898nam0 2200265 450 | |
| 001 | 0120161816919 | |
| 005 | 20170928155642.73 | |
| 010 | @a978-7-5118-7986-8@dCNY59.00 | |
| 100 | @a20160509d2016 em y0chiy50 ea | |
| 101 | 0 | @achi@eeng |
| 102 | @aCN@b110000 | |
| 105 | @ak z 000yy | |
| 106 | @ar | |
| 200 | 1 | @a官商关系@9guan shang guan xi@e中国商法前论@f姜朋著 |
| 205 | @a修订版 | |
| 210 | @a北京@c法律出版社@d2016.03 | |
| 215 | @a507页@d21cm | |
| 330 | @a本书共分为六章,其内容包括:引言;中国历史上的官商关系;官商关系的类型、成因及其弊害分析;官商关系与西方商法的演进;继受西方商法与既有官商关系问题的解决;结论。 | |
| 333 | @a商法学习及研究人员 | |
| 517 | 1 | @a中国商法前论@9zhong guo shang fa qian lun |
| 606 | 0 | @a商法@x研究@y中国 |
| 690 | @aD923.990.4@v5 | |
| 701 | 0 | @a姜朋@9jiang peng@4著 |
| 801 | 0 | @aCN@b人天书店@c20160509 |
| 905 | @b1079423-28@dD923.990.4@e1816=2@f6 | |
| 官商关系:中国商法前论/姜朋著.-修订版.-北京:法律出版社,2016.03 |
| 507页;21cm |
| 使用对象:商法学习及研究人员 |
| ISBN 978-7-5118-7986-8:CNY59.00 |
| 本书共分为六章,其内容包括:引言;中国历史上的官商关系;官商关系的类型、成因及其弊害分析;官商关系与西方商法的演进;继受西方商法与既有官商关系问题的解决;结论。 |
| ● |
| 相关链接 |
|
|
|
|
正题名:官商关系
索取号:D923.990.4/1816=2
 
预约/预借
| 序号 | 登录号 | 条形码 | 馆藏地/架位号 | 状态 | 备注 |
| 1 | 1079423 | 210794238 | 第一样本阅览室/ [索取号:D923.990.4/1816=2] | 在馆 | |
| 2 | 1079424 | 210794247 | 第一借阅区/ [索取号:D923.990.4/1816=2] | 在馆 | |
| 3 | 1079425 | 210794256 | 密集书库-史法系/ [索取号:D923.990.4/1816=2] | 在馆 | |
| 4 | 1079426 | 210794265 | 第一借阅区/ [索取号:D923.990.4/1816=2] | 在馆 | |
| 5 | 1079427 | 210794274 | 第一借阅区/ [索取号:D923.990.4/1816=2] | 在馆 | |
| 6 | 1079428 | 210794283 | 第一借阅区/ [索取号:D923.990.4/1816=2] | 在馆 |